000 00531nam a22001817a 4500
003 0
005 20231211074413.0
008 231211b xxu||||| |||| 00| 0 eng d
020 _a978-1-407135-72-4
050 _aER
_bWha555 2013
082 _aER
_bWha555 2013
100 _aGreen, Alison
245 _aWhat can you stack on the back of a yak?
_cAlison Green
260 _aLondon
_bScholastic, Ltd.
_cc2013.
300 _aunnumbered pages :
_bcolored illustrations ;
_c27cm.
650 _aChildren's stories.
942 _2ddc
_cBK
999 _c365735
_d365735